Premier League teams that have never been relegated - Statistics

General Stats
  • This quiz has been taken 2,142 times
    376 since last reset
  • The average score is 7 of 8
Answer Stats
Team % Correct
Manchester United
99%
Arsenal
97%
Tottenham Hotspur
97%
Liverpool
96%
Chelsea
95%
Everton
89%
Brighton & Hove Albion
58%
Brentford
47%
No matching quizzes found
Score Distribution
Percent of People with Each Score
Percentile by Number Answered
Your Score History
You have not taken this quiz since the last reset